| 000 | 00487cam a2200181 i 4500 | ||
|---|---|---|---|
| 020 | _a0131121774 : | ||
| 040 | _cDLC | ||
| 082 | 0 | 0 | _a515 PRE 1977 A031 Or. |
| 100 | 1 | _aGoldstein, Larry Joel. | |
| 245 | 1 | 0 | _aCalculus and its applications / |
| 260 |
_aEnglewood Cliffs, N.J. : _bPrentice-Hall, _cc1977. |
||
| 300 |
_axiv, 530 p. : _bill. ; _c24 cm. |
||
| 500 | _aIncludes indexes. | ||
| 650 | 0 | _aCalculus. | |
| 700 | 1 | _aLay, David C., | |
| 700 | 1 | _aSchneider, David I., | |
| 942 | _cEK | ||
| 999 |
_c11900 _d11900 |
||